[Event "38th ECC Open 2023"]
[Site "Durres ALB"]
[Date "2023.10.03"]
[Round "3.7"]
[Board "3"]
[White "Erdos, Viktor"]
[Black "Brunner, Nicolas"]
[Result "1-0"]
[WhiteTitle "GM"]
[BlackTitle "IM"]
[WhiteElo "2559"]
[BlackElo "2425"]
[WhiteTeam "TAJFUN SK Ljubljana"]
[BlackTeam "Schachgesellschaft Riehen"]
[WhiteFideId "719978"]
[BlackFideId "620246"]
[EventDate "2023.10.01"]

1. e4 c5 2. Nf3 d6 3. d4 cxd4 4. Nxd4 Nf6 5. Nc3 a6 6. Bd3 e5 7. Nde2 Be7 8. O-O
Be6 9. f4 exf4 10. Nxf4 Nc6 11. b3 Ne5 12. Bb2 O-O 13. Qe1 Re8 14. Rd1 Qb6+ 15.
Kh1 Rad8 16. Qg3 Kh8 17. Ncd5 Bxd5 18. Nxd5 Nxd5 19. exd5 Bf6 20. Rxf6 gxf6 21.
Qh4 Kg8 22. Rf1 Kf8 23. Qxf6 Rd7 24. Qh6+ 1-0

[Event "38th ECC Open 2023"]
[Site "Durres ALB"]
[Date "2023.10.03"]
[Round "3.7"]
[Board "4"]
[White "Cvitan, Ognjen"]
[Black "Saric, Ivan"]
[Result "0-1"]
[WhiteTitle "GM"]
[BlackTitle "GM"]
[WhiteElo "2426"]
[BlackElo "2647"]
[WhiteTeam "Schachgesellschaft Riehen"]
[BlackTeam "TAJFUN SK Ljubljana"]
[WhiteFideId "14500086"]
[BlackFideId "14508150"]
[EventDate "2023.10.01"]

1. d4 Nf6 2. c4 e6 3. Nf3 d5 4. Nc3 c6 5. e3 Nbd7 6. Bd3 dxc4 7. Bxc4 b5 8. Bd3
a6 9. O-O c5 10. a4 b4 11. Ne4 Bb7 12. Nxf6+ Qxf6 13. b3 cxd4 14. exd4 h6 15. a5
Bd6 16. Be3 O-O 17. Nd2 Qh4 18. h3 Nf6 19. Nf3 Qh5 20. Ne5 Qxd1 21. Rfxd1 Nd5
22. Nd7 Rfd8 23. Nb6 Nxb6 24. axb6 Bd5 25. Bc4 Rdb8 26. Bxd5 exd5 27. Ra5 Rxb6
28. Rda1 Rc8 29. Rxd5 Rc3 30. Rb1 Be7 31. Ra5 Bf6 32. Kf1 Rd6 33. Bd2 Rc2 34.
Bxb4 Rxd4 35. Be1 Rd6 36. b4 Re6 37. b5 axb5 38. Raxb5 Bd4 39. Rd5 Bxf2 40. Bd2
Bb6 41. Rb3 Ra2 42. g4 Ra1+ 43. Kg2 Re2+ 44. Kf3 Rf2+ 45. Ke4 Ra4+ 46. Kd3 Rf3+ 0-1

[Event "38th ECC Open 2023"]
[Site "Durres ALB"]
[Date "2023.10.03"]
[Round "3.7"]
[Board "5"]
[White "Brkic, Ante"]
[Black "Jaeggi, Dorian"]
[Result "1-0"]
[WhiteTitle "GM"]
[BlackTitle "FM"]
[WhiteElo "2606"]
[BlackElo "2333"]
[WhiteTeam "TAJFUN SK Ljubljana"]
[BlackTeam "Schachgesellschaft Riehen"]
[WhiteFideId "14506688"]
[BlackFideId "1306294"]
[EventDate "2023.10.01"]

1. e4 c5 2. Nf3 e6 3. d4 cxd4 4. Nxd4 Nc6 5. Nc3 Qc7 6. Be3 a6 7. g4 b5 8. Nxc6
Qxc6 9. Qd2 Be7 10. O-O-O Nf6 11. f3 d6 12. g5 Nd7 13. h4 Ne5 14. f4 b4 15. Nd5
exd5 16. fxe5 dxe5 17. exd5 Qd6 18. h5 Bf5 19. Bd3 Bxd3 20. Qxd3 Rd8 21. h6 g6
22. Rh4 O-O 23. Rc4 Rc8 24. b3 Rfd8 25. Qe4 a5 26. Rd2 Rxc4 27. bxc4 Qc7 28. c5
Bxc5 29. Bxc5 Qxc5 30. Qxe5 Qc3 31. Rd4 Qa1+ 32. Kd2 Qc3+ 33. Kd1 Qf3+ 34. Kc1
f6 35. Qe7 1-0

[Event "38th ECC Open 2023"]
[Site "Durres ALB"]
[Date "2023.10.03"]
[Round "3.7"]
[Board "6"]
[White "Erismann, Peter"]
[Black "Sebenik, Matej"]
[Result "0-1"]
[BlackTitle "GM"]
[WhiteElo "2055"]
[BlackElo "2523"]
[WhiteTeam "Schachgesellschaft Riehen"]
[BlackTeam "TAJFUN SK Ljubljana"]
[WhiteFideId "1300750"]
[BlackFideId "14602296"]
[EventDate "2023.10.01"]

1. e4 c5 2. c3 Nf6 3. e5 Nd5 4. Nf3 Nc6 5. Bc4 Nb6 6. Bb3 c4 7. Bc2 d6 8. exd6
Qxd6 9. Qe2 Qe6 10. Qxe6 Bxe6 11. d4 cxd3 12. Bxd3 Bd5 13. Nbd2 O-O-O 14. Be4 e5
15. O-O g6 16. Bxd5 Nxd5 17. Nc4 f6 18. g3 e4 19. Nd4 Nxd4 20. cxd4 Bg7 21. Bd2
f5 22. Bc3 Rd7 23. Ne3 Rhd8 24. Rfd1 Nb6 25. Rac1 Kb8 26. d5 Bxc3 27. Rxc3 Nxd5
28. Nxd5 Rxd5 29. Rxd5 Rxd5 30. Rc2 b5 31. Kg2 Rd3 32. h4 Kb7 33. h5 Kb6 34. h6
g5 35. Rc8 Rd2 36. Kg1 f4 37. gxf4 gxf4 38. Re8 Rxb2 39. Rxe4 Rxa2 40. Rxf4 Rc2 0-1

[Event "38th ECC Open 2023"]
[Site "Durres ALB"]
[Date "2023.10.03"]
[Round "3.8"]
[Board "1"]
[White "Aditya, Mittal"]
[Black "Salles, Louis"]
[Result "1-0"]
[WhiteTitle "GM"]
[BlackTitle "FM"]
[WhiteElo "2572"]
[BlackElo "2318"]
[WhiteTeam "Gambit Asseco-SEE"]
[BlackTeam "CE Le Cavalier Differdange"]
[WhiteFideId "35042025"]
[BlackFideId "20641826"]
[EventDate "2023.10.01"]

1. e4 c5 2. Nf3 d6 3. d4 cxd4 4. Nxd4 Nf6 5. Nc3 a6 6. Bg5 e6 7. Qf3 Nbd7 8. g4
Qc7 9. Bd2 b5 10. g5 Ne5 11. Qe2 Nfd7 12. a3 Rb8 13. Rd1 Be7 14. h4 Nc4 15. Bc1
Nxa3 16. Bh3 Nb6 17. Na2 Nac4 18. b3 Ne5 19. f4 Nc6 20. Nxc6 Qxc6 21. Bb2 Bb7
22. Bg2 O-O 23. Nb4 Qc7 24. Nd3 Rbc8 25. Rc1 Rfe8 26. h5 e5 27. Qg4 Bf8 28. O-O
exf4 29. Rxf4 Nd7 30. Rcf1 Re7 31. g6 fxg6 32. hxg6 hxg6 33. Bh3 Ne5 34. Qe6+
Nf7 35. Qxg6 Qb6+ 36. R1f2 Nh6 37. Be6+ Rxe6 38. Rxf8+ 1-0

[Event "38th ECC Open 2023"]
[Site "Durres ALB"]
[Date "2023.10.03"]
[Round "3.8"]
[Board "2"]
[White "Cahen, Alexis"]
[Black "Arnaudov, G. Petar"]
[Result "0-1"]
[BlackTitle "GM"]
[WhiteElo "2049"]
[BlackElo "2428"]
[WhiteTeam "CE Le Cavalier Differdange"]
[BlackTeam "Gambit Asseco-SEE"]
[WhiteFideId "26076918"]
[BlackFideId "2907127"]
[EventDate "2023.10.01"]

1. d4 c5 2. c3 cxd4 3. cxd4 d5 4. Nc3 Nc6 5. Bg5 f6 6. Bh4 Bf5 7. e3 e6 8. Bd3
Nh6 9. Nge2 Qd7 10. Bg3 Be7 11. Rc1 O-O 12. O-O Rad8 13. Bxf5 Nxf5 14. Nf4 Bd6
15. Nd3 Bxg3 16. hxg3 e5 17. Nc5 Qf7 18. Ne2 Rfe8 19. Qc2 g6 20. Nxb7 Rc8 21.
Qb3 Rc7 22. Qa4 Rec8 23. Nc5 Nd8 24. Nd3 Rc4 25. Qb5 exd4 26. Nxd4 Nxd4 27. exd4
Nc6 28. Rxc4 dxc4 29. Qa6 Rc7 30. Nf4 g5 31. Ne2 Nb4 32. Qb5 Rb7 33. Qa5 Kg7 34.
Rc1 Nd3 35. Rc2 Nxb2 36. Qc3 Nd3 37. g4 Rb1+ 38. Nc1 Qd5 39. Kh2 Rxc1 40. Rxc1
Nxc1 41. Qxc1 Qxd4 42. Qa3 Kf7 43. Qa6 Qc5 44. Qb7+ Kg6 45. Kg1 c3 46. Qe4+ Kg7
47. Qb7+ Kh6 48. Qf3 Kg7 49. Qb7+ Kf8 50. Qa8+ Ke7 51. Qe4+ Kd7 52. Qxh7+ Kc8
53. Qh8+ Kb7 54. Qh7+ Kb6 55. Qb1+ Ka5 56. Qc2 Qc4 57. f3 Kb4 58. Kf2 a5 59. Ke3
Ka3 60. g3 a4 61. Qc1+ Kxa2 62. Qc2+ Ka3 63. Qc1+ Kb4 64. Qb1+ Qb3 65. Qe4+ Ka3
66. Kd3 Kb2 67. Qe2+ c2+ 68. Ke4 Qe6+ 0-1

[Event "38th ECC Open 2023"]
[Site "Durres ALB"]
[Date "2023.10.03"]
[Round "3.8"]
[Board "3"]
[White "Nikolovski, Nikola"]
[Black "Gengler, Pierre"]
[Result "1-0"]
[WhiteTitle "IM"]
[WhiteElo "2382"]
[BlackElo "2130"]
[WhiteTeam "Gambit Asseco-SEE"]
[BlackTeam "CE Le Cavalier Differdange"]
[WhiteFideId "15002314"]
[BlackFideId "4000714"]
[EventDate "2023.10.01"]

1. e4 c5 2. Nc3 Nc6 3. Bb5 g6 4. Bxc6 bxc6 5. d3 Bg7 6. f4 d6 7. Nf3 Rb8 8. O-O
Nf6 9. Qe1 O-O 10. b3 Ne8 11. Bb2 Qa5 12. e5 Qb4 13. Qg3 d5 14. Na4 Bh6 15. c4
Ng7 16. Bc3 Qb7 17. Bd2 f6 18. Rae1 Nf5 19. Qf2 Nd4 20. Nxd4 cxd4 21. e6 f5 22.
Qxd4 Bg7 23. Qf2 Qc7 24. Be3 Ra8 25. Bd4 Bxd4 26. Qxd4 Rd8 27. Qf2 Qa5 28. Re2
Rd6 29. Nc5 Ba6 30. Nd7 Bc8 31. c5 Rxd7 32. exd7 Bxd7 33. Rxe7 Be8 34. Qd4 Bf7
35. Rfe1 Rf8 36. h4 Qxa2 37. b4 Qd2 38. Qf6 Qxb4 39. d4 a5 40. h5 gxh5 41. R1e3 1-0

[Event "38th ECC Open 2023"]
[Site "Durres ALB"]
[Date "2023.10.03"]
[Round "3.8"]
[Board "4"]
[White "Favier, Alain"]
[Black "Veljanoski, Andrej"]
[Result "0-1"]
[BlackTitle "FM"]
[WhiteElo "2023"]
[BlackElo "2261"]
[WhiteTeam "CE Le Cavalier Differdange"]
[BlackTeam "Gambit Asseco-SEE"]
[WhiteFideId "20670532"]
[BlackFideId "15003604"]
[EventDate "2023.10.01"]

1. d4 d5 2. c4 e6 3. Nc3 Nf6 4. cxd5 exd5 5. Bg5 c6 6. e3 Bd6 7. Bd3 O-O 8. Qc2
h6 9. Bh4 Re8 10. Nge2 a5 11. Bg3 Na6 12. a3 Nc7 13. O-O Bf8 14. Rae1 Ne6 15. e4
dxe4 16. Nxe4 Nh5 17. Be5 f6 18. N4g3 fxe5 19. Nxh5 Nxd4 20. Nxd4 Qxd4 21. Bh7+
Kh8 22. Bg6 Rd8 23. Re3 Be6 24. Bf5 Bd5 25. Rfe1 Qh4 26. Ng3 Qg5 27. Rxe5 Bd6
28. R5e3 Rf8 29. Be4 Bg8 30. Bd3 Bc7 31. Ne4 Qe5 32. Ng3 Qd6 33. Bc4 Bh7 34. Qe2
Bb6 35. Rf3 Rxf3 36. gxf3 Bg6 37. Ne4 Qf4 38. Qd3 Rd8 39. Qb3 Bd4 40. Ng3 a4 41.
Qb4 Qxf3 42. Qd2 b5 43. Bf1 Bb6 44. Qe2 Qf4 0-1

[Event "38th ECC Open 2023"]
[Site "Durres ALB"]
[Date "2023.10.03"]
[Round "3.8"]
[Board "5"]
[White "Zlatkov, Anton"]
[Black "Dahdah, Nagib"]
[Result "1-0"]
[WhiteElo "2198"]
[BlackElo "2073"]
[WhiteTeam "Gambit Asseco-SEE"]
[BlackTeam "CE Le Cavalier Differdange"]
[WhiteFideId "15005402"]
[BlackFideId "4003420"]
[EventDate "2023.10.01"]

1. e4 c5 2. Nf3 d6 3. d4 cxd4 4. Nxd4 Nf6 5. Nc3 a6 6. f3 e5 7. Nb3 Be6 8. Be3
Be7 9. Qd2 O-O 10. O-O-O Nbd7 11. g4 b5 12. g5 Nh5 13. Rg1 Nb6 14. Nd5 Nxd5 15.
exd5 Bd7 16. f4 exf4 17. Bxf4 Nxf4 18. Qxf4 a5 19. Nd4 Rb8 20. h4 Qb6 21. Bg2
Rbd8 22. Rge1 Rfe8 23. Nc6 Bxc6 24. dxc6 Qc7 25. Bd5 Bf8 26. Rxe8 Rxe8 27. Rf1
Re7 28. Bxf7+ 1-0

[Event "38th ECC Open 2023"]
[Site "Durres ALB"]
[Date "2023.10.03"]
[Round "3.8"]
[Board "6"]
[White "Jacques, Robert"]
[Black "Andonovski, Ljubisa"]
[Result "1/2-1/2"]
[BlackTitle "FM"]
[WhiteElo "2041"]
[BlackElo "2268"]
[WhiteTeam "CE Le Cavalier Differdange"]
[BlackTeam "Gambit Asseco-SEE"]
[WhiteFideId "603643"]
[BlackFideId "15000427"]
[EventDate "2023.10.01"]

1. d4 Nf6 2. Nf3 g6 3. Bf4 Bg7 4. h3 c5 5. c3 Qb6 6. Qb3 d6 7. Nbd2 Be6 8. dxc5
dxc5 9. Qc2 O-O 10. e4 Qc6 11. a4 Qc8 12. Be2 Nc6 13. O-O Na5 14. Bh2 a6 15. Ng5
Bd7 16. e5 Bf5 17. Bd3 Bxd3 18. Qxd3 Rd8 19. Qe2 Ne8 20. Nc4 Nxc4 21. Qxc4 e6
22. Ne4 Rd5 23. Qe2 Qc6 24. b4 c4 25. b5 Qc8 26. Nd2 Rd3 27. Ne4 Rd5 28. Nd2 Rd3
29. Ne4 Rd5 30. Nd2 Rd3 1/2-1/2

[Event "38th ECC Open 2023"]
[Site "Durres ALB"]
[Date "2023.10.03"]
[Round "3.9"]
[Board "1"]
[White "Michalik, Peter"]
[Black "Sarana, Alexey"]
[Result "1/2-1/2"]
[WhiteTitle "GM"]
[BlackTitle "GM"]
[WhiteElo "2576"]
[BlackElo "2682"]
[WhiteTeam "SK Javes Modra"]
[BlackTeam "Sentimento Ajka BSK"]
[WhiteFideId "14907526"]
[BlackFideId "24133795"]
[EventDate "2023.10.01"]

1. d4 Nf6 2. c4 e6 3. Nf3 d5 4. Nc3 c6 5. e3 Nbd7 6. Qc2 Bd6 7. b3 O-O 8. Be2 b6
9. O-O Bb7 10. Bb2 Qe7 11. Rad1 Rad8 12. e4 dxe4 13. Nxe4 Nxe4 14. Qxe4 f5 15.
Qh4 Qxh4 16. Nxh4 c5 17. Nf3 Rfe8 18. dxc5 Nxc5 19. Ne5 Ne4 20. Nd3 Nc5 21. Ne5
Ne4 22. Nd3 Nc5 23. Ne5 1/2-1/2

[Event "38th ECC Open 2023"]
[Site "Durres ALB"]
[Date "2023.10.03"]
[Round "3.9"]
[Board "2"]
[White "Pechac, Jergus"]
[Black "Laurusas, Tomas"]
[Result "1/2-1/2"]
[WhiteTitle "GM"]
[BlackTitle "GM"]
[WhiteElo "2596"]
[BlackElo "2547"]
[WhiteTeam "Sentimento Ajka BSK"]
[BlackTeam "SK Javes Modra"]
[WhiteFideId "14926970"]
[BlackFideId "12803731"]
[EventDate "2023.10.01"]

1. e4 e5 2. Ne2 Nf6 3. d4 Nxe4 4. f3 Nd6 5. dxe5 Nf5 6. Nbc3 Nc6 7. Qd3 d6 8.
exd6 Bxd6 9. Bf4 O-O 10. O-O-O Bxf4+ 11. Nxf4 Nfd4 12. Ne4 Bf5 13. c3 Bxe4 14.
fxe4 Ne6 15. Nxe6 fxe6 16. Qg3 Qe7 17. Bb5 Rad8 18. Bxc6 bxc6 19. Rxd8 Rxd8 20.
Rd1 Rd6 21. Kc2 Qd7 22. Qf3 c5 23. b3 c4 24. h3 h6 25. Rxd6 cxb3+ 26. axb3 cxd6
27. Kb2 Qc6 28. Kc2 Qd7 29. Kb2 Qc6 30. Kc2 Qd7 1/2-1/2

[Event "38th ECC Open 2023"]
[Site "Durres ALB"]
[Date "2023.10.03"]
[Round "3.9"]
[Board "3"]
[White "Kraus, Tomas"]
[Black "Balogh, Csaba"]
[Result "1/2-1/2"]
[WhiteTitle "IM"]
[BlackTitle "GM"]
[WhiteElo "2491"]
[BlackElo "2558"]
[WhiteTeam "SK Javes Modra"]
[BlackTeam "Sentimento Ajka BSK"]
[WhiteFideId "331708"]
[BlackFideId "718939"]
[EventDate "2023.10.01"]

1. e4 c5 2. Nf3 e6 3. g3 Nc6 4. Bg2 Nf6 5. Qe2 e5 6. O-O Be7 7. Na3 O-O 8. d3 h6
9. Nc4 d6 10. Ne3 Re8 11. c3 Bf8 12. Nh4 Be6 13. f4 exf4 14. gxf4 c4 15. dxc4
Nxe4 16. Bxe4 Qxh4 17. Qf3 Bh3 18. Rf2 Re6 19. Bd5 Rg6+ 20. Kh1 Re8 21. Bd2 Ne7
22. Bxb7 Nf5 23. Nxf5 Bxf5 24. Bd5 Bg4 25. Qg3 Qh5 26. Rg1 Be6 27. Qd3 Bf5 28.
Qf3 Bg4 29. Qd3 Bf5 30. Qf3 Bg4 31. Qd3 1/2-1/2

[Event "38th ECC Open 2023"]
[Site "Durres ALB"]
[Date "2023.10.03"]
[Round "3.9"]
[Board "4"]
[White "Ivic, Velimir"]
[Black "Stevik, Patrik"]
[Result "1-0"]
[WhiteTitle "GM"]
[BlackTitle "FM"]
[WhiteElo "2562"]
[BlackElo "2169"]
[WhiteTeam "Sentimento Ajka BSK"]
[BlackTeam "SK Javes Modra"]
[WhiteFideId "950122"]
[BlackFideId "14944812"]
[EventDate "2023.10.01"]

1. e4 g6 2. d4 Bg7 3. Nc3 d6 4. Be3 a6 5. Nf3 b5 6. h4 Bb7 7. h5 b4 8. Nd5 e6 9.
Nxb4 Bxe4 10. h6 Bf6 11. Qe2 Bb7 12. O-O-O Ne7 13. Kb1 Nd7 14. g4 O-O 15. Nd3
Rb8 16. Rh3 Nd5 17. Bd2 N7b6 18. Nc1 Na4 19. Nb3 c5 20. c4 cxd4 21. Nfxd4 e5 22.
cxd5 exd4 23. Qf3 Re8 24. Bc4 Qe7 25. Rhh1 Nb6 26. Rhe1 Be5 27. Na5 Qf6 28. Qe4
Na4 29. f4 Nxb2 30. Bb3 Nxd1 31. Rxd1 Qd8 32. fxe5 Rxe5 33. Qxd4 Bxd5 34. Nc4 f6
35. Bf4 Bf7 36. Bxe5 fxe5 37. Qxd6 Qxd6 38. Nxd6 Bxb3 39. axb3 Rxb3+ 40. Kc2 Rh3
41. g5 Rh5 42. Ne4 Kf7 43. Rd7+ Ke6 44. Rd6+ Kf5 45. Ng3+ Kxg5 46. Nxh5 Kxh5 47.
Kd3 Kxh6 48. Rxa6 Kg5 49. Ke4 h5 50. Kxe5 h4 51. Ke4 Kg4 52. Rxg6+ 1-0

[Event "38th ECC Open 2023"]
[Site "Durres ALB"]
[Date "2023.10.03"]
[Round "3.9"]
[Board "5"]
[White "Danada, Tomas"]
[Black "Balog, Imre"]
[Result "0-1"]
[WhiteTitle "FM"]
[BlackTitle "GM"]
[WhiteElo "2233"]
[BlackElo "2622"]
[WhiteTeam "SK Javes Modra"]
[BlackTeam "Sentimento Ajka BSK"]
[WhiteFideId "14919362"]
[BlackFideId "728446"]
[EventDate "2023.10.01"]

1. d4 Nf6 2. c4 g6 3. Nc3 d5 4. cxd5 Nxd5 5. e4 Nxc3 6. bxc3 Bg7 7. Nf3 c5 8.
Rb1 O-O 9. Be2 Nc6 10. d5 Na5 11. c4 b6 12. h4 e6 13. Bg5 Qd6 14. Qd2 exd5 15.
cxd5 Re8 16. Bf4 Qf8 17. e5 Bg4 18. Qc3 Bxf3 19. Bxf3 Qd6 20. O-O Bxe5 21. Bxe5
Qxe5 22. Qxe5 Rxe5 23. Rfe1 Nc4 24. Rxe5 Nxe5 25. Re1 Nxf3+ 26. gxf3 Kf8 27. d6
Rd8 28. Re7 a5 0-1

[Event "38th ECC Open 2023"]
[Site "Durres ALB"]
[Date "2023.10.03"]
[Round "3.9"]
[Board "6"]
[White "Korpa, Bence"]
[Black "Federic, Jozef"]
[Result "1-0"]
[WhiteTitle "GM"]
[BlackTitle "FM"]
[WhiteElo "2522"]
[BlackElo "2193"]
[WhiteTeam "Sentimento Ajka BSK"]
[BlackTeam "SK Javes Modra"]
[WhiteFideId "706671"]
[BlackFideId "14910659"]
[EventDate "2023.10.01"]

1. e4 c5 2. Nf3 e6 3. d3 Nc6 4. g3 Nf6 5. Bg2 Be7 6. O-O d6 7. c3 O-O 8. Re1 e5
9. h3 Rb8 10. d4 b5 11. d5 Na5 12. Nbd2 Qc7 13. b3 Ne8 14. Nh2 f5 15. exf5 Bxf5
16. Ne4 Nb7 17. f4 Bf6 18. Nxf6+ Nxf6 19. g4 Bg6 20. f5 Be8 21. Nf1 Bd7 22. Ng3
Ne8 23. Be4 Qd8 24. g5 Qa5 25. Bd2 Nd8 26. Qh5 Rb7 27. f6 g6 28. Bxg6 hxg6 29.
Qxg6+ Kh8 30. Re4 Bg4 31. Rxg4 Rh7 32. Nf5 Qc7 33. Ne7 1-0

[Event "38th ECC Open 2023"]
[Site "Durres ALB"]
[Date "2023.10.03"]
[Round "3.10"]
[Board "1"]
[White "Dardha, Daniel"]
[Black "Wedberg, Tom"]
[Result "1-0"]
[WhiteTitle "GM"]
[BlackTitle "GM"]
[WhiteElo "2580"]
[BlackElo "2377"]
[WhiteTeam "C' Chartres Echecs"]
[BlackTeam "Wasa SK"]
[WhiteFideId "240990"]
[BlackFideId "1700073"]
[EventDate "2023.10.01"]

1. e4 e5 2. Nf3 Nc6 3. Bc4 Nf6 4. d3 h6 5. Nc3 d6 6. a4 g6 7. h3 Bg7 8. a5 a6 9.
Be3 O-O 10. O-O Be6 11. Bxe6 fxe6 12. Ne2 Nh5 13. c3 Nf4 14. Bxf4 exf4 15. d4
Qd7 16. Nc1 Kh8 17. Nd3 Qf7 18. Re1 g5 19. Qb3 Nd8 20. e5 Rg8 21. d5 exd5 22.
Rad1 Re8 23. exd6 Rxe1+ 24. Ndxe1 cxd6 25. Rxd5 Nc6 26. Qd1 Bf8 27. Nc2 Re8 28.
c4 Ne5 29. b3 Nxf3+ 30. gxf3 Qe6 31. Kg2 Qe2 32. Qc1 Kg8 33. Nd4 Qd3 34. Ne6 Qg6
35. Nxf8 Rxf8 36. Qd2 Rf6 37. Qb4 Qf7 38. Rxd6 Rxd6 39. Qxd6 Kg7 40. Qd4+ Kh7
41. b4 Qc7 42. Qb6 1-0

[Event "38th ECC Open 2023"]
[Site "Durres ALB"]
[Date "2023.10.03"]
[Round "3.10"]
[Board "2"]
[White "Engqvist, Thomas"]
[Black "Lagarde, Maxime"]
[Result "0-1"]
[WhiteTitle "IM"]
[BlackTitle "GM"]
[WhiteElo "2338"]
[BlackElo "2626"]
[WhiteTeam "Wasa SK"]
[BlackTeam "C' Chartres Echecs"]
[WhiteFideId "1700332"]
[BlackFideId "662399"]
[EventDate "2023.10.01"]

1. Nf3 Nf6 2. d4 e6 3. c4 d5 4. Nc3 dxc4 5. Qa4+ c6 6. Qxc4 b5 7. Qb3 a6 8. Qc2
Bb7 9. Bg5 Nbd7 10. e3 c5 11. Be2 cxd4 12. exd4 Rc8 13. Qd3 Be7 14. O-O h6 15.
Bh4 O-O 16. a3 Nb6 17. Ne5 Nfd7 18. Nxd7 Qxd7 19. Bxe7 Qxe7 20. Qe3 Rc7 21. Rfd1
Rfc8 22. Rd2 Qg5 23. Qxg5 hxg5 24. f3 f5 25. Kf2 Kf7 26. Bf1 Rh8 27. h3 Rd8 28.
Rad1 Rcd7 29. Ke1 Bd5 30. Nxd5 Nxd5 31. Rc1 Ne7 32. a4 Rxd4 33. Rxd4 Rxd4 34.
axb5 axb5 35. Rc5 b4 36. b3 Rd6 37. Bc4 Rb6 38. Kf2 Kf6 39. Ke3 f4+ 40. Kf2 Nf5
41. Bd3 Ne3 42. Bc4 Rd6 43. Ke2 Nd1 44. Bd3 Nc3+ 45. Kd2 Nd5 46. Ra5 Ne3 47. Ke2
Nxg2 48. Rb5 Nh4 49. Bc4 Ra6 50. Rxb4 Ra2+ 51. Kd3 Nxf3 52. Rb6 Ne5+ 53. Ke4
Nxc4 54. bxc4 Ra3 55. c5 Rxh3 56. c6 Rc3 57. Kd4 Rc1 58. Ra6 g4 0-1

[Event "38th ECC Open 2023"]
[Site "Durres ALB"]
[Date "2023.10.03"]
[Round "3.10"]
[Board "3"]
[White "Droin, Augustin"]
[Black "Cramling, Dan"]
[Result "1-0"]
[WhiteTitle "IM"]
[BlackTitle "IM"]
[WhiteElo "2468"]
[BlackElo "2298"]
[WhiteTeam "C' Chartres Echecs"]
[BlackTeam "Wasa SK"]
[WhiteFideId "45105987"]
[BlackFideId "1700162"]
[EventDate "2023.10.01"]

1. e4 Nf6 2. e5 Nd5 3. d4 d6 4. Nf3 g6 5. Bc4 Nb6 6. Bb3 Bg7 7. Ng5 e6 8. Qf3
Qe7 9. Ne4 dxe5 10. dxe5 h6 11. Nf6+ Kf8 12. Qc3 N6d7 13. Nxd7+ Bxd7 14. Be3 b6
15. O-O Bb5 16. Rd1 Nc6 17. f4 Na5 18. a4 Bc6 19. Bc4 Nxc4 20. Qxc4 Bd5 21. Qa6
Qb4 22. Nc3 Bc6 23. Rab1 g5 24. Rd4 Qe7 25. Qc4 Bb7 26. Rbd1 gxf4 27. Bxf4 Kg8
28. g3 Bf8 29. Be3 Rc8 30. Rd7 Qb4 31. Qf1 Rh7 32. R1d4 Bc5 33. Rd8+ Rxd8 34.
Rxd8+ Bf8 35. Qb5 Kg7 36. Qxb4 Bxb4 37. Nb5 Bc6 38. Nxa7 Be7 39. Rc8 Bxa4 40. b3 1-0

[Event "38th ECC Open 2023"]
[Site "Durres ALB"]
[Date "2023.10.03"]
[Round "3.10"]
[Board "4"]
[White "Bellon Lopez, Juan Manuel"]
[Black "Razafindratsima, Timothe"]
[Result "1-0"]
[WhiteTitle "GM"]
[BlackTitle "IM"]
[WhiteElo "2270"]
[BlackElo "2459"]
[WhiteTeam "Wasa SK"]
[BlackTeam "C' Chartres Echecs"]
[WhiteFideId "2200031"]
[BlackFideId "36069884"]
[EventDate "2023.10.01"]

1. d4 Nf6 2. Bg5 d5 3. Bxf6 exf6 4. e3 Bd6 5. c4 dxc4 6. Bxc4 Nd7 7. Nc3 f5 8.
Qc2 O-O 9. Bd3 g6 10. h4 Nf6 11. O-O-O c6 12. Nf3 Qa5 13. Nd2 b5 14. Nb3 Qb6 15.
h5 a5 16. hxg6 fxg6 17. e4 a4 18. Nd2 Qxd4 19. exf5 gxf5 20. Bxf5 Bxf5 21. Qxf5
Qg4 22. Qc2 a3 23. Nce4 axb2+ 24. Kb1 Nxe4 25. Nxe4 Qe6 26. Nc3 Ra7 27. Rhe1 Qc4
28. Rxd6 b4 29. Qe4 Qxc3 30. Rxc6 Qd2 31. Rc2 Qd6 32. Rxb2 Rf4 33. Qe6+ Qxe6 34.
Rxe6 Rd7 35. Rbe2 Rd1+ 36. Kb2 Rd7 37. f3 Rfd4 38. Kb3 Rb7 39. Re7 Rd3+ 40. Kc2
Rc3+ 41. Kb2 Rxe7 42. Rxe7 Rd3 43. Re4 Kf7 44. Rxb4 Rd2+ 45. Kb3 Rxg2 46. a4 Rg3
47. Rf4+ Ke6 48. a5 Kd5 49. a6 Kc6 50. Rf6+ Kc7 51. Kc4 Rh3 52. Kd5 Rh1 53. f4
h5 54. Rf7+ Kb8 55. Rh7 h4 56. Ke4 Ka8 57. Kf3 h3 58. Kf2 h2 59. f5 Rg1 60. Rxh2
Rg5 61. Rh8+ Ka7 62. Rf8 Kxa6 63. Kf3 Rg1 64. Kf4 Kb7 65. Rd8 Kc7 66. Rd3 1-0

[Event "38th ECC Open 2023"]
[Site "Durres ALB"]
[Date "2023.10.03"]
[Round "3.10"]
[Board "5"]
[White "Kamsky, Gata"]
[Black "Lavendelis, Egons"]
[Result "1/2-1/2"]
[WhiteTitle "GM"]
[BlackTitle "FM"]
[WhiteElo "2641"]
[BlackElo "2296"]
[WhiteTeam "C' Chartres Echecs"]
[BlackTeam "Wasa SK"]
[WhiteFideId "2000024"]
[BlackFideId "11601647"]
[EventDate "2023.10.01"]

1. e4 c5 2. Nf3 Nc6 3. d4 cxd4 4. Nxd4 Nf6 5. Nc3 e6 6. Ndb5 Bb4 7. a3 Bxc3+ 8.
Nxc3 d5 9. exd5 exd5 10. Bd3 O-O 11. O-O d4 12. Ne4 Ng4 13. Bf4 Nge5 14. Qh5 f5
15. Ng5 h6 16. Nf3 Nxd3 17. cxd3 Qe8 18. Qh3 Qf7 19. Rfe1 Be6 20. Qg3 Kh7 21.
Qh4 Kg8 22. Qg3 Kh7 23. b4 a6 24. Qh4 Kg8 25. Qg3 Kh7 26. Ne5 Nxe5 27. Bxe5 Rfe8
28. h4 Rad8 29. Rac1 Bd5 30. f3 Bc6 31. Qf4 Rd7 32. Bxd4 Rxe1+ 33. Rxe1 Bb5 34.
Re3 Qd5 35. Bb2 Bxd3 36. Re8 Bb5 37. Kh2 Qd6 38. Be5 Qg6 39. Rf8 Rf7 40. Rxf7
Qxf7 41. Bc3 Bc4 42. Qd4 Bd5 43. Kg3 Qc7+ 44. Kf2 Bc6 45. Qc5 Qf7 46. Qe5 Kg8
47. h5 Kh7 48. Kg3 Be8 49. Kf4 Qc4+ 50. Ke3 Qf7 51. Bd4 Qd7 52. g4 fxg4 53. fxg4 1/2-1/2